000 01127nam a2200205 a 4500
001 001134569
003 AM-YeHGA
005 20250617152112.0
008 160311s1976 ru r 000 0 rus d
040 _aAM-YeHGA
041 0 _arus
245 0 0 _aКонтроль качества и надежность железобетонных конструкций :
_bСборник статей /
_cКуйбыш. инж.-строит. ин-т им. А.И. Микояна. Межкафедрал. лаб. исследования надежности и качества строит. конструкций ; Под общ. ред. В.П. Корякина.
260 _aКуйбышев :
_bКуйбыш. инж.-строит. ин-т им. А.И. Микояна,
_c1976.
300 _a159 с. :
_bил.
504 _aБиблиогр. в конце ст.
650 1 4 _aЖелезобетонные конструкции
700 1 _aКорякин, В.П.
_eред.
_4edt
710 2 _aКуйбышевский инженерно-строительный институт имени А.И. Микояна
090 _c366008
999 _c364152
_d364152